| 000 | 00534nam a22002057a 4500 | ||
|---|---|---|---|
| 001 | 00028713 | ||
| 005 | 20260406121700.0 | ||
| 008 | 260406b ag ||||| |||| 00| 0 spa d | ||
| 020 | _a9789500835091 | ||
| 040 |
_aAR-CcCEOS _bspa _cAR-CcCEOS |
||
| 041 | _aspa | ||
| 080 | _a860-3(82) | ||
| 090 | _bSCH | ||
| 100 | 1 |
_aSchujer, Silvia _991 |
|
| 245 |
_a¿Adónde está la corona? / _cSilvia Schujer |
||
| 260 | _aBuenos Aires | ||
| 490 | _vLa Valijita Encantada ; 13 | ||
| 655 | 0 |
_aliteratura infantil _926 |
|
| 942 |
_2udc _cBK _n0 |
||
| 999 |
_c28746 _d28746 |
||